বাংলাদেশের অগ্রগতি ১৯৭৩ / (Record no. 1276)
[ view plain ]
| 000 -LEADER | |
|---|---|
| fixed length control field | 00737nam a22002177a 4500 |
| 001 - CONTROL NUMBER | |
| JCCL Control Number | 1276 |
| 003 - CONTROL NUMBER IDENTIFIER | |
| JCCL marc code | BD-JhCC |
| 005 - DATE AND TIME OF LATEST TRANSACTION | |
| control field | 20180214173221.0 |
| 008 - FIXED-LENGTH DATA ELEMENTS--GENERAL INFORMATION | |
| fixed length control field | 171017s bg |||| ||a| 00| 0 ben d |
| 035 ## - SYSTEM CONTROL NUMBER | |
| system control number | (BD-JhCC)1276 |
| 040 ## - CATALOGING SOURCE | |
| Original cataloging agency | BD-JhCC |
| Modifying agency | BD-JhCC |
| 041 ## - LANGUAGE CODE | |
| Language code of Book | ben |
| 082 ## - DEWEY DECIMAL CLASSIFICATION NUMBER | |
| Classification number | 307.72095492 |
| Author mark and Year | BAN |
| 245 ## - TITLE STATEMENT | |
| Title | বাংলাদেশের অগ্রগতি ১৯৭৩ / |
| Statement of responsibility, etc | তথ্য বেতার মন্ত্রণালয় |
| 260 ## - PUBLICATION, DISTRIBUTION, ETC. (IMPRINT) | |
| Place of publication, distribution, etc | ঢাকা : |
| Name of publisher, distributor, etc | তথ্য ও বেতার মন্ত্রণালয়, |
| Date of publication, distribution, etc | 1974. |
| 300 ## - PHYSICAL DESCRIPTION | |
| Pagination | 109 p. : |
| Dimensions | 23 cm. |
| 650 ## - SUBJECT ADDED ENTRY--TOPICAL TERM | |
| Topical term or geographic name as entry element | Rural Development |
| 710 ## - ADDED ENTRY--CORPORATE NAME | |
| Corporate name or jurisdiction name as entry element | তথ্য বেতার মন্ত্রণালয় |
| 942 ## - ADDED ENTRY ELEMENTS (KOHA) | |
| Source of classification or shelving scheme | Dewey Decimal Classification |
| Koha item type | Books |
| Source of classification or shelving scheme | Damaged status | Not for loan | Home library | Current library | Shelving location | Date of accession | Total Checkouts | Full call number | Barcode | Date last seen | Copy number | Koha item type | Method of acquisition | Currency |
|---|---|---|---|---|---|---|---|---|---|---|---|---|---|---|
| Dewey Decimal Classification | JCC Rouf Library | JCC Rouf Library | General Stacks | 12/31/2017 | 307.72095492 BAN 1974 | 8155 | 12/31/2017 | C-2 | Books | |||||
| Dewey Decimal Classification | JCC Rouf Library | JCC Rouf Library | General Stacks | 12/31/2017 | 307.72095492 BAN 1974 | 8162 | 12/31/2017 | C-3 | Books | |||||
| Dewey Decimal Classification | JCC Rouf Library | JCC Rouf Library | General Stacks | 307.72095492 BAN 1973 | 9758 | 02/06/2018 | C-4 | Books | ||||||
| Dewey Decimal Classification | JCC Rouf Library | JCC Rouf Library | General Stacks | 307.72095492 BAN 1973 | 9757 | 02/06/2018 | C -5 | Books | ||||||
| Dewey Decimal Classification | JCC Rouf Library | JCC Rouf Library | General Stacks | 02/10/2018 | 307.72095492 BAN 1973 | 9957 | 02/10/2018 | C-6 | Books | |||||
| Dewey Decimal Classification | JCC Rouf Library | JCC Rouf Library | General Stacks | 02/14/2018 | 307.72095492 BAN 1973 | 10389 | 02/14/2018 | C-7 | Books | |||||
| Dewey Decimal Classification | JCC Rouf Library | JCC Rouf Library | General Stacks | 02/14/2018 | 307.72095492 BAN 1973 | 10390 | 02/14/2018 | C-8 | Books | Purchase |